书目信息 |
| 题名: |
国学视野下的历史秩序
|
|
| 作者: | ;中国人民大学 编 | |
| 分册: | ||
| 出版信息: | 北京 中国社会科学出版社 2016 |
|
| 页数: | 420页 | |
| 开本: | 24cm | |
| 丛书名: | ||
| 单 册: | ||
| 中图分类: | K207-53 | |
| 科图分类: | ||
| 主题词: | 中国历史--zhong guo li shi--文集 | |
| 电子资源: | ||
| ISBN: | 978-7-5161-8587-2 | |
| 000 | 01100nam0 22002531 450 | |
| 001 | 1738607354 | |
| 005 | 20170627164625.0 | |
| 010 | @a978-7-5161-8587-2@dCNY96.00 | |
| 100 | @a20170407d2016 em y0chiy50 ea | |
| 101 | 0 | @achi |
| 102 | @aCN@b110000 | |
| 105 | @ay z 000yy | |
| 106 | @ar | |
| 200 | 1 | @a国学视野下的历史秩序@9guo xue shi ye xia de li shi zhi xu@dAncient political and social order in perspective of Chinese classics@f中国人民大学国学院国史教研室编@zeng |
| 210 | @a北京@c中国社会科学出版社@d2016 | |
| 215 | @a420页@d24cm | |
| 300 | @a大国学研究文库 中国人民大学“中央高校建设世界一流大学(学科)和特色发展引导专项资金”支持 | |
| 330 | @a本书共收录十余位老师的二十四篇论文。内容涉及商周丧葬制度、军事制度、行政地理、风水、法治思想、太医署制度、简牍学等多方面。 | |
| 510 | 1 | @aAncient political and social order in perspective of Chinese classics@zeng |
| 606 | 0 | @a中国历史@9zhong guo li shi@j文集 |
| 690 | @aK207-53@v5 | |
| 711 | 02 | @a中国人民大学@9zhong guo ren min da xue@b国学院@b国史教研室@4编 |
| 801 | 0 | @aCN@bTANGWEI@c20170621 |
| 905 | @b1015909-14@dK207-53@e127@f6 | |
| 国学视野下的历史秩序=Ancient political and social order in perspective of Chinese classics/中国人民大学国学院国史教研室编.-北京:中国社会科学出版社,2016 |
| 420页;24cm |
| 大国学研究文库 中国人民大学“中央高校建设世界一流大学(学科)和特色发展引导专项资金”支持 |
| ISBN 978-7-5161-8587-2:CNY96.00 |
| 本书共收录十余位老师的二十四篇论文。内容涉及商周丧葬制度、军事制度、行政地理、风水、法治思想、太医署制度、简牍学等多方面。 |
| ● |
| 相关链接 |
|
|
|
|
正题名:国学视野下的历史秩序
索取号:K207-53/127
 
预约/预借
| 序号 | 登录号 | 条形码 | 馆藏地/架位号 | 状态 | 备注 |
| 1 | 1015909 | 210159095 | 第二样本阅览室/ [索取号:K207-53/127] | 在馆 | |
| 2 | 1015910 | 210159102 | 教育系资料室/ [索取号:K207-53/127] | 在馆 | |
| 3 | 1015911 | 210159111 | 教育系资料室/ [索取号:K207-53/127] | 在馆 | |
| 4 | 1015912 | 210159120 | 教育系资料室/ [索取号:K207-53/127] | 在馆 | |
| 5 | 1015913 | 210159139 | 第二借阅区/ [索取号:K207-53/127] | 在馆 | |
| 6 | 1015914 | 210159148 | 第二借阅区/ [索取号:K207-53/127] | 在馆 |